[Organ and lute tablature.

Saved in:
Bibliographic Details
Corporate Author: Bayerische Staatsbibliothek.
Format: Musical Score
Published: 15--]
Subjects:
Tags: Add Tag
No Tags, Be the first to tag this record!
LEADER 00593ndm a2200217 4500
001 007732259-2
005 20020606104010.5
008 980311s15uu xx zzz| a nn| d
035 0 |a ocm39015605 
040 |a MH-Mu  |c MH-Mu 
110 2 |a Bayerische Staatsbibliothek.  |k Manuscript.  |n Mus. 2987. 
245 0 0 |a [Organ and lute tablature. 
260 |c 15--] 
300 |a Ms. score ([13] leaves) 
510 4 |a RISM B/VII,  |c p.224. 
650 0 |a Organ music  |y 16th century. 
650 0 |a Lute music  |y 16th century. 
650 0 |a Music  |x Manuscripts. 
690 9 |a Tablatures. 
988 |a 20020608 
906 |0 MH